भारतेंदु हरिश्चंद्र : (Record no. 118729)

MARC details
000 -LEADER
fixed length control field 01168nam a22002537a 4500
005 - DATE AND TIME OF LATEST TRANSACTION
control field 20170124103120.0
010 ## - LIBRARY OF CONGRESS CONTROL NUMBER
LC control number B-155096
020 ## - INTERNATIONAL STANDARD BOOK NUMBER
Terms of availability 190.00
International Standard Book Number 8171243614
035 ## - SYSTEM CONTROL NUMBER
System control number B-155096
037 ## - SOURCE OF ACQUISITION
Source of stock number/acquisition Cen Lib/Ret
040 ## - CATALOGING SOURCE
Original cataloging agency DPL
Language of cataloging HN
082 ## - DEWEY DECIMAL CLASSIFICATION NUMBER
Classification number 820.8
Item number जैनज्ञ
100 ## - MAIN ENTRY--PERSONAL NAME
Personal name जैन, ज्ञानचंद
9 (RLIN) 81647
245 ## - TITLE STATEMENT
Title भारतेंदु हरिश्चंद्र :
Statement of responsibility, etc ज्ञानचंद जैन
Remainder of title एक व्यक्तित्व -चित्र /
246 ## - VARYING FORM OF TITLE
Title proper/short title Bhartendu harishchandr : ek vyaktitv chitr
Remainder of title by Gyanchand Jain
260 ## - PUBLICATION, DISTRIBUTION, ETC. (IMPRINT)
Place of publication, distribution, etc वाराणसी
Name of publisher, distributor, etc विश्वविद्यालय प्रकाशन
Date of publication, distribution, etc 2004
270 ## - ADDRESS
Address चौक
City वाराणसी
Postal code 221001
300 ## - PHYSICAL DESCRIPTION
Extent 148पृष्ठ.
Dimensions 21सेमी(सजिल्द)
650 ## - SUBJECT ADDED ENTRY--TOPICAL TERM
Topical term or geographic name as entry element हिंदी साहित्य
9 (RLIN) 81648
650 ## - SUBJECT ADDED ENTRY--TOPICAL TERM
Topical term or geographic name as entry element हिंदी नाटकों के जन्मदाता - भारतेंदु
9 (RLIN) 81649
650 ## - SUBJECT ADDED ENTRY--TOPICAL TERM
Topical term or geographic name as entry element Hindi literature
9 (RLIN) 81650
650 ## - SUBJECT ADDED ENTRY--TOPICAL TERM
Topical term or geographic name as entry element Hindi plays the father - Bharatendu
9 (RLIN) 81651
942 ## - ADDED ENTRY ELEMENTS (KOHA)
Source of classification or shelving scheme Dewey Decimal Classification
Koha item type Hindi Books
Classification part 820.8
Call number suffix जैनज्ञ
Holdings
Withdrawn status Lost status Damaged status Not for loan Home library Current library Date acquired Source of acquisition Cost, normal purchase price Total Checkouts Total Renewals Full call number Barcode Date last seen Date checked out Copy number Cost, replacement price Price effective from Koha item type
        Central Library Central Library 12/09/2015 Cen Lib/Ret 190.00 1 1 820.8 जैनज्ञ B-155096 28/06/2024 29/05/2024 1 190.00 12/09/2015 Hindi Books

© Delhi Public Library
Hit Counter
free hit counter